000 00375 a2200109 4500
020 _a5735503065
920 _a5-7355-0306-5
245 0 _aMikroprocessory :
_bspravocnoe posobie dlja razrabotcikov sudovoj REA. Spravocnik /
_cOveckina Ju.A..
250 _aIzd.2-e,stereotip..
710 2 _aSudostroenie.
_eWydawca
_4pbl
260 _aLeningrad :
_bSudostroenie,
_c1988.
300 _a520 s.:
_bil.;
_c23 cm.
999 _c8041
_d8041